01527nam a2200337 i 4500001001000000003000900010005001700019007000300036008004100039040003000080082002700110100004600137245009000183264003600273300002800309336002700337337003300364338002800397500007300425504003200498590002500530650005300555650005300608650005400661650006200715910004200777942001400819952013800833952020300971999001501174000006837DO-SdBNP20260324104359.0ta090903s1991 dr 000 0 spa d aDO-SdBNPbspacBNPHUerda 4a371.2609728bG897a2221 aGuadamuz Sandoval, Lorenzo,917392eautor10aAnálisis de los determinantes del rendimiento escolar /cLorenzo Guadamuz Sandoval. aSanto Domingo :bTaller,c1991. a220 páginas ;c23 cm. 2rdacontentatextobtxt 2rdamediaasin mediaciónbn 2rdacarrieravolumenbnc aIncluye referencias bibliográficas y notas al pie de las páginas aBibliografía : p. 213-220 aInventariado,2018/DG 7aEducación951588zAmérica Latina 2LIBRUNAM  4aEvaluación educativazAmérica Central918995 4aRendimiento académicozAmérica Central918996 4aMediciones y pruebas educativaszAmérica Central918997 aValidado. Control de calidad. MMOLINA 2ddccLBS1 00102ddc51708PDaBNPHUbBNPHUcHDd2009-09-03l0oBNPHU PD 371.2609728 G897ap6837-10r2020-06-25w2020-06-25yLBS1ZNo se presta 00102ddc51708PDaBNPHUbBNPHUcHDd2023-12-05eDonaciónl0oBNPHU PD 371.2609728 G897ap2023-8251r2023-12-05te.2w2023-12-05yLBS1zPerteneció a la biblioteca personal de Bárbara Suncar. c6625d6625